000 00743nam a2200157 a 4500
090 _aLB
_b05475
041 _aspa
100 _aBarrera Cataño, José Ignacio
_9582
111 _aCurso Internacional de restauración ecológica de áreas degradadas por minería a cielo abierto
_cBogotá
_d2008
_n2
_992642
245 _aBarreras al restablecimiento natural y a la restauración ecológica de áreas afectadas por minería a cielo abierto
249 _aRestauración ecológica de áreas degradadas por minería a cielo abierto en Colombia
260 _aBogotá
_bPontificia Universidad Javeriana
_c2009
300 _ap. 35-44
773 _tRestauración ecológica de áreas degradadas por minería a cielo abierto en Colombia
942 _cIMPRESO
999 _c6856
_d6856